| 000 | 00000nam##2200000za#4500 |
| 001 | 9.697553 |
| 003 | CaOODSP |
| 005 | 20231123084324 |
| 007 | cr ||||||||||| |
| 008 | 150407|2006||||xxc|||||o f|0| 0 eng|d |
| 040 | |aCaOODSP|beng |
| 043 | |an-cn--- |
| 086 | 1 |aFR2-3/2006E-PDF |
| 110 | 1 |aCanada. |bForeign Affairs and International Trade Canada. |
| 245 | 10|aGlobal Partnership Program - making a difference |h[electronic resource] |
| 260 | |aOttawa - Ontario : |bForeign Affairs and International Trade |c2006. |
| 500 | |aAnnual report 2005-2006. The catalogue number and ISBN applied to this publication are incorrect. |
| 563 | |aSoftcover |
| 590 | |a13-08-Supp|b2013-04-02 |
| 690 | 07|aMilitary technology|2gcpds |
| 690 | 07|aWeapons|2gcpds |
| 775 | 08|tProgramme de partenariat mondial - un rôle déterminant |w(CaOODSP)9.641592 |
| 776 | 0#|tGlobal Partnership Program - making a difference |w(CaOODSP)9.667887 |
| 776 | 0#|tProgramme de partenariat mondial - un rôle déterminant |w(CaOODSP)9.667888 |
| 856 | 40|ahttp://publications.gc.ca|qPDF|s1.02 MB|uhttps://publications.gc.ca/collections/collection_2013/aecic-faitc/FR2-3-2006-eng.pdf |